|
|
|
|
| LEADER |
01368nam a2200337 a 4500 |
| 001 |
00025816 |
| 003 |
BD-DhAAL |
| 008 |
120826s2012 ko ab 000 0 kor d |
| 020 |
|
|
|a 9788976998729
|
| 040 |
|
|
|a BD-DhAAL
|c BD-DhAAL
|
| 041 |
|
|
|a kor
|
| 082 |
0 |
4 |
|a 495.782
|2 22
|
| 245 |
1 |
0 |
|6 880-01
|a Norae ro paeunŭn Han'gugŏ = Learn Korean through songs /
|c by Yi Sŏn-mi, ... [et al.].
|
| 246 |
2 |
|
|a Korean fun songs to learn English
|
| 250 |
|
|
|a First edition.
|
| 260 |
|
|
|a Seoul :
|b Bukhausŭ,
|c 2012.
|
| 300 |
|
|
|a 272 pages :
|b illustrationas ;
|c 26 cm.
|
| 500 |
|
|
|a Korean fun songs to learn English
Easy learning Korean
|
| 541 |
|
|
|a 00025816
|
| 650 |
|
0 |
|a Korean language
|x Study and teaching.
|9 59417
|
| 650 |
|
0 |
|a Korean language
|x Textbooks for foreign speakers.
|9 59444
|
| 650 |
|
0 |
|a Songs, Korean
|x Self-instruction.
|9 59445
|
| 700 |
1 |
|
|a Sŏn-mi, Yi.
|9 59449
|
| 700 |
1 |
|
|a Hye-jin, Chŏng.
|9 59447
|
| 700 |
1 |
|
|a Sŭng-hŭi, Chang.
|9 59446
|
| 700 |
1 |
|
|a chŏ, Han Ŭn-suk.
|9 59448
|
| 852 |
1 |
|
|a Ayesha Abed Library
|j General shelf
|
| 880 |
|
|
|6 245-01
|a 노래 로 배우는 한국어.
|
| 942 |
|
|
|2 ddc
|c BK
|
| 999 |
|
|
|c 12777
|d 12777
|
| 952 |
|
|
|0 0
|1 0
|2 ddc
|4 0
|6 495_782000000000000_LEA
|7 0
|9 21039
|a BRACUL
|b BRACUL
|c GEN
|d 2012-08-28
|e BIL
|g 859.48
|l 0
|o 495.782 LEA
|p 3010025816
|r 2012-08-28
|t 1
|w 2012-08-28
|y BK
|x Transferred from King Sejong Institute (BIL) to BRACUL on 11/10/23
|